00345nam a22001337a 4500003000400000005001700004008004100021040002200062082001900084110002300103245002700126260004100153300001700194OSt20220909213039.0220909b |||||||| |||| 00| 0 eng d cBiblioteca Lado V a779.946bP969h aProyecto Desbordes aHallan ciudad perdida/ aMexicobCooperativa Crater Invertido a6p.c13x20cm